<?xml version="1.0" encoding="UTF-8"?>
<marc:record xmlns:marc="http://www.loc.gov/MARC21/slim">
   <marc:leader>00000nam a2200000 a 4500</marc:leader>
   <marc:datafield ind1="1" ind2=" " tag="100">
      <marc:subfield code="a">Bausenhardt, Hans</marc:subfield>
      <marc:subfield code="4">aut</marc:subfield>
      <marc:subfield code="e">Verfasser/-in</marc:subfield>
   </marc:datafield>
   <marc:datafield ind1="1" ind2=" " tag="100">
      <marc:subfield code="a">Peter, Peter</marc:subfield>
      <marc:subfield code="4">aut</marc:subfield>
      <marc:subfield code="e">Verfasser/-in</marc:subfield>
   </marc:datafield>
   <marc:datafield ind1=" " ind2=" " tag="653">
      <marc:subfield code="a">Palermo</marc:subfield>
   </marc:datafield>
   <marc:datafield ind1=" " ind2=" " tag="653">
      <marc:subfield code="a">Messina</marc:subfield>
   </marc:datafield>
   <marc:datafield ind1=" " ind2=" " tag="653">
      <marc:subfield code="a">Stromboli</marc:subfield>
   </marc:datafield>
   <marc:datafield ind1=" " ind2=" " tag="653">
      <marc:subfield code="a">Ätna</marc:subfield>
   </marc:datafield>
   <marc:datafield ind1=" " ind2=" " tag="653">
      <marc:subfield code="a">Vulcono</marc:subfield>
   </marc:datafield>
   <marc:datafield ind1=" " ind2=" " tag="653">
      <marc:subfield code="a">Cefalu</marc:subfield>
   </marc:datafield>
   <marc:datafield ind1=" " ind2=" " tag="653">
      <marc:subfield code="a">Enna</marc:subfield>
   </marc:datafield>
   <marc:datafield ind1=" " ind2=" " tag="653">
      <marc:subfield code="a">Pantalica</marc:subfield>
   </marc:datafield>
   <marc:datafield ind1=" " ind2=" " tag="653">
      <marc:subfield code="a">Ragusa</marc:subfield>
   </marc:datafield>
   <marc:datafield ind1=" " ind2=" " tag="653">
      <marc:subfield code="a">Syrakus</marc:subfield>
   </marc:datafield>
   <marc:datafield ind1=" " ind2=" " tag="653">
      <marc:subfield code="a">Catania</marc:subfield>
   </marc:datafield>
   <marc:datafield ind1=" " ind2=" " tag="653">
      <marc:subfield code="a">Softcover / Reisen/Reiseführer/Europa</marc:subfield>
   </marc:datafield>
   <marc:datafield ind1=" " ind2=" " tag="653">
      <marc:subfield code="a">Catania;Siracusa;Selinunt;Ragusa;Palermo;Monreale;Messina;Etna;Enna;Taormina</marc:subfield>
   </marc:datafield>
   <marc:datafield ind1=" " ind2=" " tag="653">
      <marc:subfield code="a">Führer</marc:subfield>
   </marc:datafield>
   <marc:datafield ind1="0" ind2="0" tag="245">
      <marc:subfield code="a">Sizilien, Liparische Inseln</marc:subfield>
   </marc:datafield>
   <marc:datafield ind1="0" ind2="0" tag="245">
      <marc:subfield code="b">Reisen mit Marco Polo Insider-Tipps</marc:subfield>
   </marc:datafield>
   <marc:datafield ind1="0" ind2="0" tag="245">
      <marc:subfield code="c">Autoren: Hans Bausenhardt, Peter Peter</marc:subfield>
   </marc:datafield>
   <marc:datafield ind1=" " ind2="1" tag="264">
      <marc:subfield code="a">Ostfildern</marc:subfield>
      <marc:subfield code="b">MAIRDUMONT GmbH &amp; Co. KG</marc:subfield>
      <marc:subfield code="c">2020</marc:subfield>
   </marc:datafield>
   <marc:datafield ind1="1" ind2=" " tag="490">
      <marc:subfield code="a">Marco Polo</marc:subfield>
   </marc:datafield>
   <marc:datafield ind1=" " ind2=" " tag="250">
      <marc:subfield code="a">18. Auflage, komplett überarbeitet und neu gestaltet</marc:subfield>
   </marc:datafield>
   <marc:datafield ind1="1" ind2=" " tag="520">
      <marc:subfield code="a">Angaben aus der Verlagsmeldung

MARCO POLO Reiseführer Sizilien, Liparische Inseln : Reisen mit Insider-Tipps. Inkl. kostenloser Touren-App / von Hans Bausenhardt, Peter Peter

Wo die Orangen und Zitronen blüh’n: Mit dem MARCO POLO Reiseführer Sizilien erkunden Bist du im Urlaub immer auf Tour oder bevorzugst du den entspannten Müßiggang? Auf Sizilien kannst du beides haben! Geh in Syrakus auf Zeitreise in die Antike, faulenze am Strand von Palermo, löffle auf dem Fischmarkt in Catania Seeigel aus oder steig dem allgegenwärtigen Ätna aufs Dach.

Ob Strandurlaub, Familienreise oder Erlebnistour – mit dem MARCO POLO Reiseführer für Sizilien stellst du dir genau die Reise zusammen, auf die du Lust hast.
Erkunde Sizilien mit den MARCO POLO Erlebnistouren und der kostenlosen Touren-App: super Orientierung dank Online- und Offline-Karten Entdecke die besten Insider-Tipps der Einheimischen und die Top-Spots zum Shoppen, Schlemmen und Feiern Mit Best-of-Empfehlungen für Low-Budget, Urlaub mit Kindern oder Regentage Maximal einfach zu den spannendsten Städten und Ausflugszielen mit komplett überarbeiteten Highlight-Karten und Stadtplänen! Schon zu Hause wie im Urlaub fühlen mit passenden Playlists, Blogs, Film- und Buch-Tipps
Erlebe unvergessliche Urlaubsmomente mit den MARCO POLO Insider-Tipps

Die Sizilianer feiern die Gastfreundschaft und lieben das Gespräch. Wer hier nur schnell den Fischverkäufer auf dem Markt fotografieren will, darf sich nicht wundern, wenn die nächsten eifrigen Fotomodelle schon Schlange stehen, bevor der Auslöser ganz durchgedrückt ist. Dein MARCO POLO Reiseführer verrät dir, welche Fotospots du nicht verpassen darfst und wo du mit den Einheimischen am besten in Kontakt kommst. Ohne lange Vorbereitung bist du so optimal gerüstet für deine Traumreise nach Sizilien!
</marc:subfield>
   </marc:datafield>
   <marc:datafield ind1=" " ind2=" " tag="020">
      <marc:subfield code="a">9783829751001</marc:subfield>
      <marc:subfield code="9">9783829751001</marc:subfield>
   </marc:datafield>
   <marc:datafield ind1=" " ind2=" " tag="020">
      <marc:subfield code="a">3829751001</marc:subfield>
      <marc:subfield code="9">3829751001</marc:subfield>
   </marc:datafield>
   <marc:datafield ind1=" " ind2=" " tag="041">
      <marc:subfield code="a">ger</marc:subfield>
   </marc:datafield>
   <marc:datafield ind1=" " ind2=" " tag="300">
      <marc:subfield code="a">148 Seiten</marc:subfield>
   </marc:datafield>
</marc:record>
